LEADER 01377nam0 22003613i 450 001 UBO1594952 005 20251003044421.0 010 $a0387952241 010 $a9781441929143$bsoftcover reprint 100 $a20141016d2002 ||||0itac50 ba 101 | $aeng$ceng 102 $aus 181 1$6z01$ai $bxxxe 182 1$6z01$an 183 1$6z01$anc$2RDAcarrier 200 1 $aBeginning functional analysis$fKaren Saxe 210 $aNew York [etc.]$cSpringer$d2002 215 $aXI, 197 p., [10] ritratti$cill.$d24 cm 225 | $aUndergraduate texts in mathematics 410 0$1001MIL0005920$12001 $aUndergraduate texts in mathematics$1702 1$aAxler$b, Sheldon Jay$f <1949->$3MILV106861$4340 500 10$aBeginning functional analysis$3UBO4680085$9UBOV604292$9377733 606 $aAnalisi funzionale$2FIR$3CFIC010268$9E 676 $a515$9ANALISI MATEMATICA$v14 676 $a515.7$9ANALISI FUNZIONALE$v22 700 1$aSaxe$b, Karen$3UBOV604292$4070$066431 801 3$aIT$bIT-000000$c20141016 850 $aIT-BN0095 901 $bNAP 01$cSALA DING $n$ 912 $aUBO1594952 950 0$aBiblioteca Centralizzata di Ateneo$c1 v.$d 01SALA DING 515 SAX.be$e 0102 0000099215 VMA A4 1 v.$fY $h20141014$i20141016 977 $a 01 996 $aBeginning functional analysis$9377733 997 $aUNISANNIO